Statistiques concernant Personnages de la Reine des neiges par images

Cliquez ici pour prendre le quiz!

Statistiques générales

  • Ce quiz a été pris 59 fois
  • Le résultat moyen est 6 sur 12

Statistiques - réponses

Réponse% Correct
Anna
100%
Elsa
100%
Olaf
100%
Kristoff
89%
Sven
85%
Hans
75%
Oaken
21%
Pabbie
15%
Reine Iduna
13%
Roi Agnarr
6%
Ryder
6%
Lieutenant Matthias
4%

Distribution des résultats

Percentile par nombre de réponses

% des personnes avec chaque résultat

Votre développement - résultats

Vous n’avez pas pris ce quiz